Toutes les communes du canton de Longué-Jumelles (49) - Statistiques

Statistiques générales
  • Ce quiz a été pris 14 fois
  • Le résultat moyen est 8 sur 17
Réponses sur la Carte
Les réponses sont colorées sur une échelle allant du rouge au vert en fonction du pourcentage des utilisateurs qui les ont devinées à leur premier essai. Vous pouvez retrouver ces pourcentages ci-dessous.
 
Statistiques - réponses
Commune % Correct
Gennes-Val-de-Loire (fraction)
83%
Longué-Jumelles
83%
Vivy
67%
Allonnes
50%
Brain-sur-Allonnes
50%
La Breille-les-Pins
50%
Saint-Clément-des-Levées
50%
Saint-Philbert-du-Peuple
50%
Varennes-sur-Loire
50%
Villebernier
50%
Blou
33%
Courléon
33%
La Lande-Chasles
33%
Mouliherne
33%
Neuillé
33%
Vernantes
33%
Vernoil-le-Fourrier
33%
Aucun quiz correspondant
Distribution des résultats
% des personnes avec chaque résultat
Percentile par nombre de réponses
Votre historique - résultats
Vous n’avez pas pris ce quiz